India - General - Statistics

General Stats
  • This quiz has been taken 363 times
  • The average score is 6 of 15
Answer Stats
Hint Answer % Correct
Biggest city(2020) Mumbai
90%
Year of independence 1947
83%
No. of states in India 29
83%
Current P.M Narendra Modi
76%
Capital state New Delhi
64%
State called God's own country Kerala
53%
2nd most spoken language Bengali
48%
Birth place of Gandhiji(city) Porbandar
38%
National fish Gangatic Dolphin
22%
Cleanest city Chandigarh
16%
The only British museum Victoria memorial
16%
Paris of India Jaipur
8%
First Vice President Dr. S. Radhakrishnan
7%
Population of India 1.27 billion
5%
No. of cities 1609
2%
No matching quizzes found
Score Distribution
Percent of People with Each Score
Percentile by Number Answered
Your Score History
You have not taken this quiz